| 000 | 00346nam a22001337a 4500 | ||
|---|---|---|---|
| 005 | 20250221105126.0 | ||
| 008 | 250221b |||||||| |||| 00| 0 eng d | ||
| 050 |
_aHF5686 _b.C8 APP |
||
| 100 | _aAppiah-Mensah, Kwame Botsio | ||
| 245 | _aPrinciples of cost accounting | ||
| 260 |
_aAccra _bNabb Publications |
||
| 300 | _a192p | ||
| 942 |
_2lcc _cBK _n0 |
||
| 999 |
_c4016 _d4016 |
||